| 000 | 00481nam a2200181Ia 4500 | ||
|---|---|---|---|
| 003 | IN-BaIIA | ||
| 008 | 211028s9999 xx 000 0 eng d | ||
| 020 | _a0-7503-0716-1 | ||
| 040 | _cIIA Library | ||
| 080 |
_a53 _bPRE |
||
| 245 | 0 |
_aPredicting motion _cedited by Robert Lambourne |
|
| 260 |
_aBristol _bIOP Publishing _c2000 |
||
| 300 | _a254p. | ||
| 650 |
_aChaotic motion _925388 |
||
| 650 |
_aNewton's law _925389 |
||
| 700 |
_aLambourne, Robert., ed. _925390 |
||
| 942 | _cBK | ||
| 999 |
_c14337 _d14337 |
||